000 00965nam a2200253Ia 4500
003 OSt
005 20221005105246.0
006 a|||||r|||| 00| 0
007 ta
008 221004b |||||||| |||| 00| 0 hin d
020 _a9788174790866
_c1600
024 _a113922
037 _b383, 11/01/2012, Eastern Book Linkers
_cTextual
040 _aCRL
_cCRL
_bhin
041 _2hin
_ahin
082 _a#:f, 152P8
100 _aप्रसाद, लोकेश के0
245 0 _aअनुसन्धान पद्धतिशास्त्र
_b क्या, क्यो और कैसे
246 _aAnusandhān paddhatishāstra: kyā, kyo aur kaise
260 _aनई दिल्ली
_bकावेरी बुक्स भारत
_c2008
300 _a453पृ0
_ccm.
942 _h#:f, 152P8
_cTEXL
_2cc
999 _c1015300
_d1015300